000 00680nam a2200289Ia 4500
005 20260324112701.0
008 008 260324s9999 xx 000 0 eng d
020 _a9781032725239
037 _aEBOOK
040 _aCRL
040 _beng
040 _cCRL
041 _2eng
041 _aeng
084 _qCRL
100 _aGreg Wilson
_91143719
245 0 _aSoftware Design by Example
245 2 _bA Tool-Based Introduction with Python
260 _bTaylor and Francis
260 _c2024
365 _a
365 _b260
856 _uhttp://www.taylorfrancis.com/books/9781032725239
942 _cEBOOK
999 _c1733019
_d1733019